Who is Who & What is What (Record no. 33806)
[ view plain ]
| 000 -LEADER | |
|---|---|
| fixed length control field | 00441nam a22001577a 4500 |
| 008 - FIXED-LENGTH DATA ELEMENTS--GENERAL INFORMATION | |
| fixed length control field | 231009b |||||||| |||| 00| 0 eng d |
| 082 ## - DEWEY DECIMAL CLASSIFICATION NUMBER | |
| Classification number | 330.092 |
| Item number | SOB |
| 100 ## - MAIN ENTRY--AUTHOR | |
| Author Name | Muhammad Soban |
| 245 ## - TITLE STATEMENT | |
| Title | Who is Who & What is What |
| 260 ## - PUBLICATION, DISTRIBUTION, ETC. | |
| Place of Publication | Pakistan |
| Name of publisher, distributor, etc. | Caravan Book House |
| Date of publication, distribution, etc. | 2015 |
| 300 ## - PHYSICAL DESCRIPTION | |
| Pages | 431 |
| 500 ## - GENERAL NOTE | |
| General note | Objective Questions in islamic studies are in Urdu Language.pages-46. |
| 650 ## - SUBJECT ADDED ENTRY--TOPICAL TERM | |
| Subject / Department | Social Scieces |
| 700 ## - ADDED ENTRY--PERSONAL NAME | |
| Personal name | M.Soban |
| 952 ## - LOCATION AND ITEM INFORMATION (KOHA) | |
| -- | 0 |
| -- | 0 |
| Lost status | Damaged status | Collection code | Permanent Location | Current Location | Shelving Location | Date acquired | Full Call Number | Accession No./Barcode | Date last seen | item type |
|---|---|---|---|---|---|---|---|---|---|---|
| Science | Superior Information Resource Center (SIRC) Superior University- Main Campus | Superior Information Resource Center (SIRC) Superior University- Main Campus | Literature | 10/09/2023 | 330.092 SOB-W 2015 | 20707 | 04/07/2025 | BOOK |
